| 000 | 00468nam a2200169Ia 4500 | ||
|---|---|---|---|
| 999 |
_c19523 _d19523 |
||
| 003 | OSt | ||
| 005 | 20200708150249.0 | ||
| 008 | 190216s9999||||xx |||||||||||||| ||und|| | ||
| 020 | _a0333347978 | ||
| 040 | _coclc | ||
| 082 |
_a907.2 _bTUC/P |
||
| 100 |
_aTuchman, Barbara _93415 |
||
| 245 | 0 |
_aPractising History / _cBarbara Tuchman |
|
| 260 |
_bMacmillan, _c1983. _aLondon: |
||
| 300 | _a306p | ||
| 942 |
_cBK _2ddc _h907.2 _iTUC/P _k907.2 _mTUC/P |
||